Movies Cut Off at H Quiz Stats

Quiz Updated Sep 17, 2014

Challenge
Share
Tweet
Embed
Score 0/30 Timer 05:00
1 Play Today
Cut Off at H Movie Title % Correct
Little Miss SunsLittle Miss Sunshine
96.8%
Wedding CrasWedding Crashers
95.7%
City LigCity Lights
95.1%
CaddysCaddyshack
95%
BraveBraveheart
94.2%
Flags of Our FatFlags of Our Fathers
93%
Tropic TTropic Thunder
92%
PocaPocahontas
88.8%
Best in SBest in Show
88.8%
GroundGroundhog Day
85.8%
GandGandhi
79.6%
PatcPatch Adams
79%
Swamp TSwamp Thing
77.2%
CliffCliffhanger
75.1%
ConeConeheads
75.1%
Cut Off at H Movie Title % Correct
Get SGet Shorty
71.9%
Slap SSlap Shot
70%
WutWuthering Heights
69.8%
EraserEraserhead
63.4%
Dinner for ScDinner for Schmucks
55.9%
Goodbye, Mr. CGoodbye, Mr. Chips
45.5%
Like Water for CLike Water for Chocolate
44.5%
Bicycle TBicycle Thieves
36.6%
QuadropQuadrophenia
31.4%
Black OrpBlack Orpheus
25.5%
Jeff, WJeff, Who Lives at Home
24.5%
I Love You, PI Love You, Phillip Morris
22.2%
Pork CPork Chop Hill
19.5%
My Little CMy Little Chickadee
15.4%
Picnic atPicnic at Hanging Rock
13.5%

You're not logged in!

Compare scores with friends on all Sporcle quizzes.
Sign Up with Email
OR
Log In

You Might Also Like...

Show Comments

Extras

Top Quizzes Today


Score Distribution

Your Account Isn't Verified!

In order to create a playlist on Sporcle, you need to verify the email address you used during registration. Go to your Sporcle Settings to finish the process.